El proceso judicial de disposición de pensión de orfandad del menor (Registro nro. 22579)
[ vista simple ]
| 000 -Cabecera | |
|---|---|
| Campo de control interno | 03437nam a2200277 4500 |
| 001 - Número de control | |
| control field | ESSALUD |
| 005 - Fecha y hora de la última transacción | |
| Campo de control | 20260701103411.0 |
| 007 - Tipo material - Descripcion fisica - info general | |
| Tipo material - Descripcion fisica - info general | ta |
| 008 - Elementos de Longitud Fija - Información General | |
| Elementos de Longitud Fija - Información | t pe ||||| |||| 00| 0 spa d |
| 040 ## - Origen de la Catalogación | |
| Origen de la Catalogación | BMG |
| 041 ## - Idioma | |
| Idioma | spa |
| 100 ## - Autor | |
| Autor | Guivín Munayco, Marita Ysabel |
| Rol del Autor | Autor |
| 9 (RLIN) | 52952 |
| 245 ## - Titulo | |
| Titulo | El proceso judicial de disposición de pensión de orfandad del menor |
| Subtitulo | Un trámite innecesario, burocrático y atentatorio contra el principio de interés superior del niño |
| 246 ## - Variante del Titulo | |
| Titulo | Judicial proceedings for the disposal of minors' orphanhood pensions |
| Subtitulo | An unnecessary, bureaucratic procedure in violation of the principie of the best interests of the child |
| 300 ## - Páginas | |
| Paginación | páginas 102-114 |
| 520 ## - Resumen | |
| Resumen | La autorización judicial es un requisito esencial para la disposición de la suma dineraria depositada en una cuenta bancaria a nombre de un menor de edad, sin excepción alguna; por lo que, en el caso de que dichos fondos provengan de la pensión de orfandad, el progenitor supérstite, representante legal o tutor, deberá activar la vía judicial donde deberá acreditarse la necesidad o utilidad del uso de dicho dinero, pese a que esta necesidad está intrínsecamente reconocida desde el momento que se otorga la pensión de orfandad en la vía administrativa, por lo que este trámite resulta ser innecesario y burocrático. La autora refiere que dicho proceso judicial atenta directamente contra el interés superior del niño, dado que la satisfacción de sus necesidades alimentarias quedará supeditada hasta que se emita un pronunciamiento definitivo en el proceso judicial, que no se caracteriza por su celeridad. En consecuencia, se propone que la autoridad administrativa deposite la pensión de orfandad del menor en una cuenta bancaria creada a nombre de su progenitor sobreviviente. |
| 520 ## - Resumen | |
| Resumen | Judicial authorization constitutes an indispensable prerequisite far the disposition of<br/>funds deposited in a bank account held in the name of a minor, without exception. Accordingly, when such funds originate from an orphan's pension, the surviving parent, legal representative, or court-appointed guardian is obligated to initiate legal proceedings to substantiate the necessity or utility of utilizing said resources. However, this necessity is inherently acknowledged from the moment the orphan's pension is granted through administrative channels, rendering the judicial procedure redundant and, above al/, bureaucratic. The author affirms that this requirement clearly contravenes the principle of the best interests of the child, as the fulfillment of the minor's essential needs, particular/y those related to sustenance, is thereby contingent upon the conclusion of judicial proceedings, which are characteristically y protracted. Consequently, it is proposed that the competent administrative authority deposit the orphan's pension directly into a bank account established in the name of his or her surviving parent.<br/> |
| 650 ## - Temas - Descriptores | |
| Temas - Descriptores | NIÑOS, NIÑAS Y ADOLESCENTS |
| 9 (RLIN) | 53036 |
| 650 ## - Temas - Descriptores | |
| Temas - Descriptores | PRINCIPIO DE INTERÉS SUPERIOR DEL NIÑO |
| 9 (RLIN) | 52954 |
| 650 ## - Temas - Descriptores | |
| Temas - Descriptores | PENSIÓN DE ALIMENTOS |
| 9 (RLIN) | 52955 |
| 650 ## - Temas - Descriptores | |
| Temas - Descriptores | CHILDREN OND ODOLESCENTS |
| 9 (RLIN) | 52956 |
| 650 ## - Temas - Descriptores | |
| Temas - Descriptores | BEST INTERESTS OF THE CHILD PRINCIPLE |
| 9 (RLIN) | 52957 |
| 650 ## - Temas - Descriptores | |
| Temas - Descriptores | CHILD SUPPORT |
| 9 (RLIN) | 52958 |
| 773 0# - Revista (Relacion con el numero) | |
| Host Biblionumber | 22573 |
| Host Itemnumber | 22620 |
| Ciudad, Editorial | Lima Grupo Praxis Formación Profesional, 2026- |
| Codigo barras item/ejemplar | PRA001 |
| Titulo de la Revista | Praxis Civil & Procesal Civil |
| Número de control de registro | ESSALUD |
| ISSN | 3119-7671 |
| 942 ## - Elementos de Koha | |
| Tipo de Documento | Artículos |
| Fecha procesamiento | 2026-06-30 |
| Catalogador | sqb |
No hay ítems disponibles.